| 000 | 00835nam a22002055i 4500 | ||
|---|---|---|---|
| 001 | 155249 | ||
| 003 | ES-MaACL | ||
| 005 | 20230906210016.0 | ||
| 008 | 040810s1862 sp |||| | spa d | ||
| 080 | _a338.47(460):656.2 | ||
| 100 | 1 |
_aHenrich, Pablo. _962573 |
|
| 245 | 1 | 0 |
_aObservaciones acerca de la explotación de los ferro-carriles en España / _c[Pablo Henrich]. |
| 260 |
_aBarcelona : _b[s.n.], _c1862 ( _fTip. de Narciso Ramírez y Rialp) |
||
| 300 |
_a20 p. ; _c25 cm. |
||
| 530 | _aDisponible en formato digital. | ||
| 594 | _aAutor tomado de fin de texto. | ||
| 650 | 4 |
_aTransportes ferroviarios- _zEspaña. _9149654 |
|
| 852 | 4 |
_aES-MaACL _jT-60-F-9 _z- Enc. hol., falto de cub. original _z- Enc. en un vol. facticio |
|
| 856 | 4 |
_uhttp://bdh-rd.bne.es/viewer.vm?id=0000051062&page=1 _zBiblioteca Digital Hispánica |
|
| 999 |
_c155249 _d155249 |
||